000 00574cam a22002051 4500
001 sa 66007767
003 DLC
005 20260227112307.0
008 970405s1964 io a 000 1 ind
010 _asa 66007767
035 _a(OCoLC)36682954
040 _aDLC
_cWU
_dDLC
042 _apremarc
050 0 0 _aPZ90.I5
_bS86
100 1 _aSutiasumarga, Rusman,
_d1917-
245 1 0 _aRasa terpendam;
_btjerpen.
_cGambar kulit dan dalam oleh Wied Suroso.
260 _aDjakarta,
_bBalai Pustaka,
_c1964.
300 _a16 p.
_billus.
_c19 cm.
490 0 _aSeri sastera moderen
999 _c71395
_d71395